| 000 | 00714nam a2200253 i 4500 | ||
|---|---|---|---|
| 001 | 6186 | ||
| 003 | ES-MaACL | ||
| 005 | 20250911062630.0 | ||
| 007 | t| | ||
| 008 | 890824s1979 sp ||||1| spa d | ||
| 020 | _a84-233-0981-9 | ||
| 080 | _a86-311.1"19" | ||
| 080 | _a86(Sanchez Espeso,G.7 N.01) | ||
| 100 | 1 |
_aSánchez Espeso, German. _9190092 |
|
| 245 | 1 | 0 |
_aNarciso / _cGerman Sanchez Espeso. |
| 250 | _a6a ed. | ||
| 260 |
_aBarcelona : _bDestino, _c1979. |
||
| 300 |
_a196 p. ; _c19 cm. |
||
| 490 | 1 |
_aAncora y delfín ; _v537 |
|
| 500 | _aPremio Eugenio Nadal 1978. | ||
| 830 | 0 | 0 |
_aÁncora y Delfín _v537 _9151298 |
| 852 |
_aES-MaACL _jL-13288 _bR.116234 _z. - cart. |
||
| 999 |
_c6186 _d6186 |
||